|
|
|
|
| LEADER |
00000nas a2200000 a 4500 |
| 001 |
ssj0012120 |
| 003 |
WaSeSS |
| 005 |
20200512172242.0 |
| 006 |
m d |
| 007 |
cr n |
| 008 |
001213c19989999mauqr p s 0 a0eng c |
| 010 |
|
|
|a 00213343
|
| 022 |
|
|
|a 1532-8937
|l 1532-8937
|y 1532-9194
|
| 035 |
|
|
|a (WaSeSS)ssj0012120
|
| 037 |
|
|
|b Sloan Management Review Assoc., MIT Sloan School of Management, 77 Mass. Ave., E60-100, Cambridge, MA 02139-4307
|
| 040 |
|
|
|a NSD
|b eng
|c NSD
|d OCLCQ
|d IDL
|d OCLCQ
|d BUF
|d OCLCQ
|d TXA
|d OCLCO
|d OCLCQ
|d OCLCO
|d OCLCF
|d OCLCO
|d OCLCQ
|d ICV
|d Z5A
|d OCLCO
|d OCLCA
|d U3W
|d UUM
|d KSU
|d TSC
|d MOW
|d AU@
|d OCLCO
|d WYU
|d AUD
|d VT2
|d WaSeSS
|
| 042 |
|
|
|a nsdp
|a pcc
|
| 050 |
|
4 |
|a HD28
|b .I14
|
| 060 |
0 |
0 |
|a W1
|b SL585
|
| 130 |
0 |
|
|a MIT Sloan management review (Online)
|
| 210 |
0 |
|
|a MIT Sloan manag. rev.
|b (Online)
|
| 222 |
|
0 |
|a MIT Sloan management review
|b (Online)
|
| 245 |
1 |
0 |
|a MIT Sloan management review
|h [electronic resource].
|
| 246 |
1 |
|
|a Sloan management review
|
| 246 |
1 |
|
|a SMR
|
| 260 |
|
|
|a Cambridge, Mass. :
|b Sloan Management Review Association :
|b MIT Sloan School of Management,
|c ©1998-
|
| 310 |
|
|
|a Quarterly
|
| 362 |
1 |
|
|a Print began with vol. 39, no. 2 (winter 1998).
|
| 506 |
|
|
|a License restrictions may limit access.
|
| 538 |
|
|
|a Mode of access: World Wide Web.
|
| 588 |
|
|
|a Description based on: Vol. 42, no. 2 (winter 2001); title from contents screen (viewed Feb. 22, 2001).
|
| 588 |
|
|
|a Latest issue consulted: Vol. 53, issue 4 (summer 2012) (publisher's Web site, viewed Sept. 6, 2012).
|
| 650 |
|
0 |
|a Industrial management
|v Periodicals.
|
| 650 |
|
6 |
|a Gestion d'entreprise
|v Périodiques.
|
| 650 |
|
7 |
|a Industrial management.
|2 fast
|0 (OCoLC)fst00971246
|
| 650 |
|
7 |
|a HW_HRM
|2 less
|
| 650 |
|
2 |
|a Organization and Administration
|v Periodicals.
|
| 655 |
|
0 |
|a Electronic journals.
|
| 710 |
2 |
|
|a Sloan Management Review Association.
|
| 710 |
2 |
|
|a Sloan School of Management.
|
| 776 |
0 |
8 |
|i Print version:
|t MIT Sloan management review
|x 1532-9194
|w (DLC) 00213342
|w (OCoLC)45555059
|
| 780 |
0 |
0 |
|t Sloan management review
|w (OCoLC)50609103
|
| 856 |
4 |
0 |
|z Full text available from Research Library: Winter 1998 to Fall 2001
|u https://search.proquest.com/publication/26142
|
| 856 |
4 |
0 |
|z Full text available from Research Library: Fall 2004 to present
|u https://search.proquest.com/publication/26142
|